| 000 | 00551nab a2200193 a 4500 | ||
|---|---|---|---|
| 005 | 20221007063457.0 | ||
| 008 | 991125s1985 mx 000 0 spa u | ||
| 035 | _aUPN01000139354 | ||
| 100 | 1 |
_aBertely Busquets, María _934134 |
|
| 222 | _aCERO EN CONDUCTA | ||
| 245 | _aLa educación preescolar y la diversidad sociocultural en México | ||
| 260 | _aMéxico | ||
| 300 | _a75-84 | ||
| 362 | 0 | _a2005 Año 20, no. 51, abr. | |
| 653 | 0 | _aEDUCACION PREESCOLAR | |
| 653 | 0 | _aINTERVENCION EDUCATIVA | |
| 653 | 0 | _aAPRENDIZAJE | |
| 905 | _aArticulo | ||
| 999 |
_c111502 _d111502 |
||